000 00876nam0a2200277 4500
001 RU\NLR\bibl\172619
005 20260406152400.0
010 _a5-17-003060-6
_911000
021 _aRU
_b2000-49791
_92297
035 _a(NLR Aleph) 000169391
090 _a975866
_c975866
100 _a20010725d2000 |||y0rusy50 ca
101 1 _arus
_ceng
102 _aRU
105 _ay |||||||||
200 1 _aСюрприз на Рождество
_eРоман
_fМэри Бэлоу
_g[Пер. с англ. Ю.Б. Наумовой]
210 _aМ.
_cАСТ
_d2000
215 _a249, [1] с.
_d21
225 1 _aОчарование
686 _aШ6(7K)167-440.4{Лх1960-18}
700 1 _4070
_8rus
_7ca
_aБэлоу
_bМ.
_f1944-
_gМэри
_3RU\NLR\AUTH\775928
_9115885
801 0 _aRU
_bNLR
_c20010725
_gPSBO
801 1 _aRU
_bNLR
_c20010725
942 _cBOOK
980 _aNB